[Event "Bangkok op 17th"]
[Site "Bangkok"]
[Date "2017.04.09"]
[Round "2"]
[White "Cheah, Eric"]
[Black "Puccini, Jack"]
[Result "1/2-1/2"]
[WhiteElo "2054"]
[BlackElo "2312"]
[PlyCount "118"]
[EventDate "2017.04.08"]
[EventType "swiss"]
[EventRounds "9"]
[EventCountry "THA"]
[SourceTitle "CBM 177 Extra"]
[Source "ChessBase"]
[SourceDate "2017.04.27"]
[SourceVersion "1"]
[SourceVersionDate "2017.04.27"]
[SourceQuality "1"]

1. e4 c5 2. Nf3 d6 3. Bb5+ Bd7 4. Bxd7+ Qxd7 5. 0-0 Nf6 6. Qe2 Nc6 7. c3 e6 8. d4 cxd4 9. cxd4 d5 10. e5 Ne4 11. Be3 Be7 12. Ne1 f6 13. f3 Ng5 14. Qd2 Qd8 15. exf6 Bxf6 16. Nc3 Nf7 17. f4 Nd6 18. b3 0-0 19. Nf3 Rc8 20. Ne5 Qa5 21. Rac1 Nf5 22. Bf2 Be7 23. Qd3 Ba3 24. Nd7 Rf7 25. Nc5 Bxc1 26. Rxc1 Nfxd4 27. N3a4 b6 28. Bxd4 Nxd4 29. Qxd4 bxc5 30. Nxc5 Qxa2 31. Re1 Rf6 32. f5 Rxf5 33. Nxe6 Rf6 34. Nxg7 Rcf8 35. Ne6 R8f7 36. Ng5 Qf2+ 37. Qxf2 Rxf2 38. Nxf7 Rxf7 39. Re8+ Kg7 40. Rd8 Rb7 41. Rxd5 Rxb3 42. Rd7+ Kg6 43. Rxa7 Rb1+ 44. Kf2 Rb2+ 45. Kg3 Rb3+ 46. Kh4 Rb2 47. Kh3 Rb3+ 48. g3 Rb2 49. Ra1 Rc2 50. Rg1 Rb2 51. Rg2 Rb3 52. Rc2 Ra3 53. Kh4 Ra4+ 54. g4 Ra3 55. Rc6+ Kg7 56. Rc2 Kg6 57. Rg2 Rb3 58. Rg3 Rxg3 59. hxg3 h6 1/2-1/2

[Event "Australian op"]
[Site "Brisbane"]
[Date "2017.01.05"]
[Round "5"]
[White "Liu, Yi"]
[Black "Puccini, Jack"]
[Result "1/2-1/2"]
[WhiteElo "2250"]
[BlackElo "2322"]
[PlyCount "64"]
[EventDate "2017.01.02"]
[EventType "swiss"]
[EventRounds "11"]
[EventCountry "AUS"]
[SourceTitle "CBM 176 Extra"]
[Source "ChessBase"]
[SourceDate "2017.03.02"]
[SourceVersion "1"]
[SourceVersionDate "2017.03.02"]
[SourceQuality "1"]

1. d4 Nf6 2. c4 g6 3. Nc3 Bg7 4. e4 d6 5. Be2 0-0 6. Nf3 e5 7. 0-0 Nc6 8. d5 Ne7 9. Ne1 Nd7 10. f3 f5 11. Be3 f4 12. Bf2 g5 13. a4 a5 14. Nd3 b6 15. b4 axb4 16. Nb5 Nf6 17. Be1 g4 18. Bxb4 Ng6 19. a5 g3 20. Qc2 gxh2+ 21. Kxh2 Nh5 22. axb6 Rxa1 23. Rxa1 Nh4 24. Bd1 Qg5 25. Ra8 Bh3 26. Rxf8+ Bxf8 27. Ne1 cxb6 28. Kg1 Qg6 29. Nc3 Ng3 30. gxh3 Ngf5+ 31. Kh1 Ng3+ 32. Kg1 Ngf5+ 1/2-1/2